Introduction to early childhood education /

Bibliographic Details
Main Author: Hildebrand, Verna
Format: Book
Language:English
Published: New York : London : Macmillan ; Collier Macmillan, [1981]
Edition:3rd ed.
Subjects:

MARC

Tag First Indicator Second Indicator Subfields
LEADER 00000pam a2200000 a 4500
001 in00000069896
005 20151008055911.0
008 800401s1981 nyua b 00110 engm
010 |a  80014345  
020 |a 002354290X 
035 |a (OCoLC)06223766 
035 |9 AAJ4678AM 
040 |a DLC  |c DLC  |d m.c.  |d TXA  |d UtOrBLW 
049 |a TXAM  |c [1362026] 
050 0 0 |a LB1140.2  |b .H522 1981 
082 0 |a 372/.21 
100 1 |a Hildebrand, Verna. 
245 1 0 |a Introduction to early childhood education /  |c Verna Hildebrand. 
250 |a 3rd ed. 
264 1 |a New York :  |b Macmillan ;  |a London :  |b Collier Macmillan,  |c [1981] 
264 4 |c ©1981 
300 |a x, 518 pages :  |b illustrations ;  |c 24 cm. 
336 |a text  |b txt  |2 rdacontent 
337 |a unmediated  |b n  |2 rdamedia 
338 |a volume  |b nc  |2 rdacarrier 
504 |a Includes bibliographies and indexes. 
650 0 |a Education, Preschool. 
999 |a MARS 
999 f f |s 1c608e92-1eb8-32d1-aa10-840fcc7ef242  |i ed240292-75c0-3803-a03a-2f623acefcf1  |t 0 
952 f f |p normal  |a Texas A&M University  |b College Station  |c Sterling C. Evans Library  |d Evans: Library Stacks  |t 0  |e LB1140.2 .H522 1981  |h Library of Congress classification  |i unmediated -- volume  |m A14806160449 
998 f f |a LB1140.2 .H522 1981  |t 0  |l Evans: Library Stacks